000 01095cam a22003377a 4500
003 CHAP
005 20220329140808.0
008 971013s1984 r 00010 d
010 _a57746
011 _a58718
035 _a62874
040 _cCHAP
090 _aFolleto 8647
100 0 0 _aSpada, María del Carmen.
_9109112
245 1 3 _aEl pasto guinea, (Panicum maximum Jacq.)
260 _aManfredi, Arg. :
_bEstación Experimental Agropecuari Manfredi,
_c1984
300 _a20 p.
490 0 _aPublicación miscelánea
_v; 5
590 _aBATCH-UPD
_b10
_c20130110
_lUCH01
_h0349
590 _aBATCH-UPD
_b10
_c20130110
_lUCH01
_h1951
590 _aBATCH-UPD
_b10
_c20130410
_lUCH01
_h0022
590 _aBATCH-UPD
_b10
_c20130410
_lUCH01
_h1455
590 _aBATCH-UPD
_b10
_c20130914
_lUCH01
_h1828
590 _aCONVERSION
_b10
_c20130109
_lUCH01
_h1331
650 1 4 _aPanicum maximum.
_985105
700 0 _aMombelli, Julio César.
_977450
830 0 _aPublicación miscelánea
_v; 5
_992775
901 _aBK
942 _cFOLL
949 _aFolleto 8647
_bBC
_cFOLL
_d-134823
_eTS1
_i62874
_mD
_si
999 _c57746
_d57746